Network error? (Record no. 75330)

MARC details
000 -LEADER
fixed length control field 00944cab a2200181 4500
001 - CONTROL NUMBER
control field L129898
008 - FIXED-LENGTH DATA ELEMENTS--GENERAL INFORMATION
fixed length control field 050603n2005 000 0 eng u
035 ## - SYSTEM CONTROL NUMBER
System control number (Sirsi) u129898
041 ## - LANGUAGE CODE
Language code of text/sound track or separate title eng
100 ## - MAIN ENTRY--PERSONAL NAME
Personal name Whitehead, Tony
245 ## - TITLE STATEMENT
Title Network error?
260 ## - PUBLICATION, DISTRIBUTION, ETC.
Date of publication, distribution, etc. 2005
490 ## - SERIES STATEMENT
Series statement QS News
520 ## - SUMMARY, ETC.
Summary, etc. Examines the IT challenges facing businesses which are relocating to another premises or refurbishing their office space. Argues that IT is an often neglected area compared to other aspects of the redesign and that clients should try to use consultants with specialist move management skills which are introduced at an early stage in the transition process. With a brief cost breakdown of where the budget breakdown is in an office premises and an analysis of the Meteorological Office's relocation from Bracknell to Exeter.
590 ## - LOCAL NOTE (RLIN)
Local note IKA07062005
690 ## - LOCAL SUBJECT ADDED ENTRY--TOPICAL TERM (OCLC, RLIN)
Topical term or geographic name as entry element MANAGEMENT-FACILITIES MANAGEMENT-BUSINESS RELOCATION
942 ## - ADDED ENTRY ELEMENTS (KOHA)
Suppress in OPAC 0
Holdings
Withdrawn status Lost status Source of classification or shelving scheme Damaged status Not for loan Home library Current library Shelving location Date acquired Total Checkouts Full call number Barcode Date last seen Copy number Price effective from Koha item type
    Dewey Decimal Classification     London London Journal article 03/06/2005   L129898 129898-1001 06/08/2019 1 06/08/2019 Journal article